Ремонт оборудования парогенераторного цеха с пылеприготовлением и топливоподачей. (ბიბ.ჩანაწერი № 42556)
[ მარტივი ფორმატი ]
| 000 -LEADER | |
|---|---|
| fixed length control field | 00806nam a2200217Ia 4500 |
| 001 - CONTROL NUMBER | |
| control field | 9255 |
| 003 - CONTROL NUMBER IDENTIFIER | |
| control field | GE_BSU |
| 008 - FIXED-LENGTH DATA ELEMENTS--GENERAL INFORMATION | |
| fixed length control field | 181216s||||||||xx |||||||||||||| ||und|| |
| 040 ## - CATALOGING SOURCE | |
| Transcribing agency | GE_BSU |
| 080 ## - UNIVERSAL DECIMAL CLASSIFICATION NUMBER | |
| Universal Decimal Classification number | 621.311.22 |
| 100 ## - MAIN ENTRY--PERSONAL NAME | |
| Personal name | Лачинов,Н.В. |
| 245 ## - TITLE STATEMENT | |
| Title | Ремонт оборудования парогенераторного цеха с пылеприготовлением и топливоподачей. |
| 245 ## - TITLE STATEMENT | |
| Remainder of title | Учеб. пособие. |
| 245 ## - TITLE STATEMENT | |
| Statement of responsibility, etc. | Ред.А.М.Мокрецов. |
| 260 ## - PUBLICATION, DISTRIBUTION, ETC. | |
| Place of publication, distribution, etc. | М. |
| 260 ## - PUBLICATION, DISTRIBUTION, ETC. | |
| Name of publisher, distributor, etc. | Высш. школа. |
| 260 ## - PUBLICATION, DISTRIBUTION, ETC. | |
| Date of publication, distribution, etc. | 1976. |
| 300 ## - PHYSICAL DESCRIPTION | |
| Extent | 256 стр. илл. 22см. |
| 653 ## - INDEX TERM--UNCONTROLLED | |
| Uncontrolled term | Ремонт оборудования парогенераторного цеха с пылеприготовлением и топливоподачей. |
| 942 ## - ADDED ENTRY ELEMENTS (KOHA) | |
| Koha item type | წიგნი |
არაა ხელმისაწვდომი ეგზემპლარები.
